00909nam a22002057a 4500003000200000005001700002008004100019020002200060050002600082100003200108245010000140260005000240300004600290500008100336504005100417520016800468650003300636650002300669650001100692020251104100608.0251104b xxu||||| |||| 00| 0 eng d a978-0-316-46291-4 aBF 637.S8 b.G53 2019 aGladwell, Malcolm,eauthor. aTalking to strangers :bwhat we should know about the people we don't know /cMalcolm Gladwell. aNew York :bLittle, Brown and Company,c2019. axii, 386 pages :billustrations ;c18 cm. a“A Malcolm Gladwell book” label. Includes case studies and interviews.  aIncludes bibliographical references and index. aExamines why we fail to understand strangers, exploring cases from Sandra Bland to spies and financial fraud to demonstrate how our assumptions often mislead us.  aInterpersonal communication. aSocial psychology. aTrust.